| 000 | 00848nam a22002297a 4500 | ||
|---|---|---|---|
| 999 |
_c9704 _d9704 |
||
| 003 | AR-CdUCM | ||
| 008 | 190328b ||||| |||| 00| 0 spa d | ||
| 040 |
_aMUNICIPALIDAD PROVINCIAL DEL CUSCO _cBIBLIOTECA MUNICIPAL DEL CUSCO |
||
| 082 |
_a828.912 / _bK57 / |
||
| 100 |
_aKipling, Rudyard, _926084 |
||
| 245 |
_aLos hijos del zodíaco : _b(The disturber of traffic) / |
||
| 260 |
_aBarcelona : _bEdit. B. Bauza, |
||
| 300 |
_a303 paginas ; _c 19 cm. |
||
| 440 |
_aColección ideal _926085 |
||
| 505 | _aContenido : Los hijos del zodiaco -- El perturbador del trafico -- Una conferencia - Su excelencia el elefante -- Una opinión... | ||
| 650 |
_aLiteratura Inglesa _926086 |
||
| 650 |
_aHistorias y biografías _926087 |
||
| 650 |
_aEnsayos _9375 |
||
| 700 |
_aParedes Miguel (Traductor) _926088 |
||
| 942 |
_2ddc _cLIBROS |
||
| 945 | _awnts | ||